| 000 | 00766nam a2200181Ia 4500 | ||
|---|---|---|---|
| 008 | 090124s9999 xx 000 0 und d | ||
| 082 |
_b25653 _a1648 |
||
| 100 | _aनरके हरि / फडके य. दि. | ||
| 245 | _a स्वास्थ्य योग (सुर्यनमस्कार योगासने) | ||
| 250 | _a2 | ||
| 260 | _c1988 | ||
| 300 | _a52 | ||
| 600 | _aनरके हरि / फडके य. दि. | ||
| 630 | _a स्वास्थ्य योग (सुर्यनमस्कार योगासने) | ||
| 700 | _aनरके हरि / फडके य. दि. | ||
| 730 | _a स्वास्थ्य योग (सुर्यनमस्कार योगासने) | ||
| 942 | _cBOOK | ||
| 999 |
_c139159 _d139159 |
||